000 00470nam a2200181Ia 4500
001 23719
005 20260414150956.0
008 260414t2005||||xx |||||||||||||| ||spa||
041 _aESP
082 _a693.852
_bF314
100 _aFajfar, Peter
_eAUT
245 0 _aNonlinear seismic analysis and design of reinforced concrete buildings
_b
260 _c2005
300 _aviii, 307 páginas :
_c24 cm.
650 _a0
654 _aCIC
942 _cLIB
_dJUS
_fJUS
_2ddc
_n
999 _c23719
_d23719